Finance ministers Quiz Stats

 Plays Quiz not verified by Sporcle

Support Sporcle.
Go Orange.
Score 0/15 Timer 10:00
0 Plays Today
% Correct
Jun Azumi
75%
Frnacios Baroin
75%
Tim Geithner
50%
Ben Bernake
50%
Jim Flaharty
50%
Mark Carney
50%
Masaaki Shirakawa
50%
Chrsitina Noyer
0%
% Correct
Wolfgang Schaeuble
0%
Jens Wiedmann
0%
George Osborn
0%
Mervyn King
0%
Mario Monti
0%
Ignazio Visco
0%
0%

You're not logged in!

Compare scores with friends on all Sporcle quizzes.
OR
Log In

From the Vault

United States Mix-Up

by JeluPotter25

We're not sure these states would actually get along. It'd make for a good sitcom.

You Might Also Like...

Remove Ads.
Support Sporcle.
Get the best of Sporcle when you Go Orange. This ad-free experience offers more features, more stats, and more fun while also helping to support Sporcle. Thank you for becoming a member.

Show Comments

Extras

Created Mar 1, 2012ReportNominate
Tags:finance

Top Quizzes Today


Score Distribution

Your Account Isn't Verified!

In order to create a playlist on Sporcle, you need to verify the email address you used during registration. Go to your Sporcle Settings to finish the process.

Report this User

Report this user for behavior that violates our Community Guidelines.

Details: